100 Biggest U.S. Cities of the Pacific West in 1900 with a Map - Statistics

General Stats
  • This quiz has been taken 166 times
    164 since last reset
  • The average score is 40 of 100
Answers on the Map
Answers color-coded by a green-red scale on the quiz's map according to % correct below.
 
Answer Stats
Population State /
Territory
City % Correct
80,671 Washington Seattle
98%
102,479 California Los Angeles
97%
90,426 Oregon Portland
97%
39,306 Hawaii Honolulu
96%
17,700 California San Diego
95%
342,782 California San Francisco
95%
29,282 California Sacramento
94%
21,500 California San Jose
90%
1,864 Alaska Juneau
88%
36,848 Washington Spokane
88%
66,960 California Oakland
87%
12,470 California Fresno
84%
4,258 Oregon Salem
82%
4,082 Washington Olympia
80%
37,714 Washington Tacoma
80%
4,836 California Bakersfield
79%
6,150 California San Bernardino
74%
4,006 Washington Vancouver
74%
3,236 Oregon Eugene
71%
7,973 California Riverside
69%
2,252 California Long Beach
68%
6,587 California Santa Barbara
67%
17,506 California Stockton
67%
4,933 California Santa Ana
63%
3,057 California Santa Monica
62%
12,486 Alaska Nome
60%
7,327 California Eureka
59%
3,154 Washington North Yakima
55%
13,214 California Berkeley
54%
2,024 California Modesto
54%
2,946 California Redding
54%
9,117 California Pasadena
51%
10,049 Washington Walla Walla
49%
1,748 California Monterey
47%
6,834 Washington New Whatcom
47%
7,838 Washington Everett
45%
6,673 California Santa Rosa
45%
1,658 California Palo Alto
43%
3,021 California San Luis Obispo
43%
3,650 California Santa Clara
43%
5,659 California Santa Cruz
43%
4,036 California Napa
41%
1,791 Oregon Medford
40%
8,381 Oregon Astoria
39%
2,640 California Chico
38%
2,470 California Ventura
36%
1,819 Oregon Corvallis
34%
1,832 California San Mateo
34%
1,969 California Merced
33%
3,085 California Visalia
33%
3,304 California Salinas
32%
16,464 California Alameda
30%
2,321 Washington Port Angeles
29%
7,965 California Vallejo
28%
3,494 Oregon Oregon City
27%
3,117 Alaska Skagway
26%
3,747 Washington Aberdeen
25%
1,653 California Redwood City
25%
3,542 Oregon The Dalles
25%
1,965 California Hayward
24%
2,290 Oregon Grants Pass
23%
3,149 Oregon Albany
22%
3,879 California San Rafael
22%
4,406 Oregon Pendleton
21%
2,216 California Tulare
20%
5,526 California Pomona
19%
2,050 California Auburn
18%
6,663 Oregon Baker City
18%
1,820 California Gilroy
18%
3,871 California Petaluma
17%
1,690 Oregon Roseburg
17%
2,634 Oregon Ashland
16%
1,737 Washington Ellensburg
16%
2,929 California Hanford
16%
3,497 California Marysville
16%
1,748 California Placerville
16%
3,443 Washington Port Townsend
16%
1,775 Washington Chehalis
15%
1,850 California Ukiah
15%
1,884 Washington Puyallup
14%
4,797 California Redlands
14%
3,528 California Watsonville
14%
2,991 Oregon La Grande
13%
3,250 California Nevada City
13%
2,750 California Red Bluff
13%
4,719 California Grass Valley
11%
1,915 California Los Gatos
11%
2,253 California San Leandro
11%
2,608 Washington Hoquiam
10%
1,787 California San Pedro
10%
2,751 California Benicia
9%
2,121 Washington Colfax
9%
2,216 Washington Dayton
9%
2,050 Washington Republic
9%
2,101 Washington Snohomish
9%
1,922 California Sonora
9%
4,568 Washington Ballard
8%
1,869 California Healdsburg
8%
2,786 Washington Roslyn
7%
4,228 Washington Fairhaven
6%
No matching quizzes found
Score Distribution
Percent of People with Each Score
Percentile by Number Answered
Your Score History
You have not taken this quiz since the last reset